Smoke /

Spremljeno u:
Bibliografski detalji
Glavni autor: Portman, Rachel (Komponist)
Daljnji autori: Auster, Paul (Scenarist), Holender, Adam (Fotograf), Hurt, William (Glumac), Wang, Wayne (Redatelj), Whitaker, Forest (Glumac), Johnson, Greg (Producent), Perrineau, Harold (Glumac), Keitel, Harvey (Glumac)
Format: Slajd
Jezik:talijanski
Izdano: [Roma] : L'Unità, 1997
Serija:L'Unità cinema ; 20
Oznake: Dodaj oznaku
Bez oznaka, Budi prvi tko označuje ovaj zapis!

MARC

LEADER 00000ngm a22000007i 4500
001 IT\ICCU\REA\0040412
003 ItRI
005 20260124182823.0
008 971202s1997 it |||||||||||||||k|||||c
040 |b ita 
041 7 |a ita  |2 ISO-639-2 
130 0 |a Smoke <film ; 1995>  |3 IT\ICCU\RAV\1085959 
245 0 0 |a Smoke /  |c di Wayne Wang ; sceneggiatura Paul Auster ; fotografia Adam Holender ; musica Rachel Portman ; prodotto da Greg Johnson ... [et al.]. 
260 |a [Roma] :  |b L'Unità,  |c 1997 
300 |a 1 videocassetta (VHS) (112 min.) :  |b color. (PAL), son. +  |e 1 opusc 
500 |a Tit. del contenitore 
500 |a Interpreti: William Hurt, Harvey Keitel, Harold Perrineau jr., Forest Whitaker 
500 |a Produzione: USA, 1995 
500 |a Suppl. a: L'Unità. 
700 1 |a Auster, Paul  |0 IT\ICCU\CFIV\074948  |4 sce 
700 1 |a Holender, Adam  |0 IT\ICCU\LO1V\305090  |4 pht 
700 1 |a Hurt, William  |0 IT\ICCU\RAVV\089639  |4 act 
700 1 |a Wang, Wayne  |0 IT\ICCU\RAVV\093877  |4 drt 
700 1 |a Whitaker, Forest  |0 IT\ICCU\RAVV\094673  |4 act 
700 1 |a Portman, Rachel  |0 IT\ICCU\RAVV\102707  |4 cmp 
700 1 |a Johnson, Greg  |0 IT\ICCU\RAVV\479732  |4 pro 
700 1 |a Perrineau, Harold  |0 IT\ICCU\RAVV\589776  |4 act 
700 1 |a Keitel, Harvey  |0 IT\ICCU\UFIV\151614  |4 act 
790 1 |a Auster, Paul Benjamin  |3 IT\ICCU\CFIV\234620  |z Auster, Paul 
790 1 |a Benjamin, Paul  |3 IT\ICCU\RAVV\109112  |z Auster, Paul 
790 1 |a Portman, Rachel Mary Berkeley  |3 IT\ICCU\SBNV\096224  |z Portman, Rachel 
830 2 |a L'Unità cinema ;  |v 20  |0 IT\ICCU\CFI\0511999 
942 |2 ddc  |c VM  |n 0 
952 |0 0  |1 0  |4 0  |6 VO_997_000000000000000  |7 0  |9 26881  |a BO  |b BO  |d 2026-01-24  |i 7836  |l 0  |o VO 997  |p BO7836  |r 2026-01-24 18:28:23  |w 2026-01-24  |x [Sebina 5] [1 videocassetta]  |y VM  |z 1 videocassetta 
999 |c 22736  |d 22736